000 00878cab a2200301 4500
001 ABS47887
008 090401t1993 xxu||||| |||| 00| 0 eng d
035 _a(Sirsi) u63895
041 _aeng
100 _aNewman, P.
245 _aCzeching out old regime in favour of capitalist city
260 _c1993
350 _a0
490 _aPlanning (for the Natural and Built Environment)
_v(1003) 29 January 1993, 19 (1)
520 _aIllustrates Czech resistance to unsympathetic housing and commercial development in and around Prague.
650 _aCZECH REPUBLIC
650 _aCZECHOSLOVAKIA
650 _aEASTERN EUROPE
650 _aHOUSING
650 _aPLANNING CONTROL
650 _aPRAGUE
650 _aREBUILDING
690 _aOVERSEAS-EUROPE
690 _aPLANNING LAW AND PRACTICE
700 _aRoberts, M.
942 _n0
948 _c04/03/1997
999 _c39755
_d39755